Termín elektronického doručovania sa posúva na začiatok roka
Povinnosť doručovať podania finančným úradom elektronicky mali všetky daňové subjekty, platitelia DPH, daňoví poradcovia a advokáti, ktorí zastupujú daňovníka pri správe daní od 1. apríla 2012. Z dôvodu nepripravenosti správcu dane sa termín opätovne posúva na 1. január 2013.
Saved in:
| Main Author: | |
|---|---|
| Format: | Book Chapter |
| Language: | Slovak |
| Subjects: | |
| Tags: |
No Tags, Be the first to tag this record!
|
MARC
| LEADER | 00000nla$a2200000$$$4500 | ||
|---|---|---|---|
| 001 | 0150845 | ||
| 005 | 20240502072716.3 | ||
| 041 | 0 | |a slo | |
| 044 | |a SK | ||
| 245 | 1 | 0 | |a Termín elektronického doručovania sa posúva na začiatok roka |c Jana Kušnírová |
| 520 | |a Povinnosť doručovať podania finančným úradom elektronicky mali všetky daňové subjekty, platitelia DPH, daňoví poradcovia a advokáti, ktorí zastupujú daňovníka pri správe daní od 1. apríla 2012. Z dôvodu nepripravenosti správcu dane sa termín opätovne posúva na 1. január 2013. | ||
| 610 | 2 | 0 | |a dane z príjmov |
| 610 | 2 | 0 | |a legislatíva |
| 610 | 2 | 0 | |a služby elektronické |
| 100 | 1 | |a Kušnírová, Jana, 1977- | |